000 00681nam a2200205Ia 4500
003 OSt
005 20260507154733.0
008 210210b1975 xxu||||| |||| 00| 0 eng d
040 _cAL
041 _aSanskrit
082 _aS891.1 BASK
100 _aBASAVARAJAIAH (M S), eD.
_dएम एस बसवराजाय
_9263546
245 _aKavikarnarasayanam of shadaksharisha.
_bषडक्षरीशविरचितं कविकर्णरसायनम्
260 _aMysore
_bOriental research institute
_c1975
300 _a563
650 _aKavikarnarasayanam colabhupaliyam
_9263547
690 _aSanskrit Poetry
_9263548
906 _a045832
942 _2ddc
_cBK
999 _c94752
_d94752